000
00281nam a22001217a 4500
041
_a
ENG
100
_a
Senapab PC
245
_a
Termhology Bon Agricultural Engineering
260
_a
Delhi
_b
Saroj Prkasan
_c
1992
300
_a
140
650
_a
Agricultural
856
_u
Agricultural
999
_c
493
_d
493